000 00398nam a22001577a 4500
003 CEME
005 20210628201629.0
008 210204b xxu||||| |||| 00| 0 eng d
020 _a81-203-0564-7
040 _c.
082 _a420.21 DIX
245 _aComplete course in english ,a new revised edition
260 _aNEW DLEHI
_bPRENTICE HALL OF INDIA
_c2003
300 _a166P
942 _cBK
_2ddc
999 _c566615
_d566615